000 00365nam a2200133 i 4500
001 bg
100 1 _aSZMATKA, Jacek
245 0 _aJednostka i społeczeństwo :
_bo zależności zjawisk indywidualnych od społecznych /
_cJacek Szmatka.
260 _aWarszawa,
_c1980.
040 _cBPK
041 _apol
942 _cKS
008 s pl f |000 0 pol
999 _c21567
_d21567
856 _uhttp://koha.tu.koszalin.pl/cgi-bin/koha/opac-detail.pl?biblionumber=21567
_yKatalog online BPK